MDQL
is popping MORE tags! Check the
thread
!
Quizzes
Events
Quiz Creation
Community
Videos
Private Events
Remove Ads
Sign In
Join for FREE
Feedback
Dark Mode
Quiz Categories
Sports
Geography
Music
Movies
Television
Just For Fun
Miscellaneous
History
Literature
Language
Science
Gaming
Entertainment
Religion
Holiday
For Kids
Quiz Lab
Recent
Popular Today
Quiz Kudos Today
Editor Picks
Curator Picks
Quizzes by...
Day
Popularity
Type
Ratings
Length
Year
Community
Subscriptions
Recent Discussions
Orange Saloon
Badges
Playlists
Quests
Create
Leaderboards
Showdown
Live 5
Trivia Bingo
Activity
Puzzle Library
Sporcle Events
Private Events
Virtual Trivia
Globe League
Become a Host
Pub Owners
SporcleCon
Opinionation
Our Games
Videos
Blog
Mobile Apps
Partnerships
Remove Ads and Go Orange
Feedback
Gaming
Video Games
Board Games
Card Games
Pokémon
Mario
Nintendo
Minecraft
Console
Toys
Legend of Zelda
Gaming
Video Games
Board Games
Card Games
Pokémon
Mario
Nintendo
Minecraft
Console
Toys
Legend of Zelda
Random Quiz
Search Sporcle
×
Quiz Lab
Quiz Lab
Gaming
Pokémon
Type in answers that appear in a list
Type in answers that appear in a list
Classic
Best Score? Go Orange.
James Pokemon (All Gen) Stats
Can you name All James Pokemon (All Gen)?
By
HeshamCraft
10m
43 Questions
70 Plays
70 Plays
70 Plays
Comments
Comments
Give Quiz Kudos
Give Quiz Kudos
-
- Ratings
hide this ad
More Info
Replay
Link that replays current quiz
Next Quiz
Link to next quiz in quiz playlist
You Got
0%
They Got
Avg Score
37%
Avg Friend Score
Upgrade to see
Score Distribution
Jump to the score distribution portion of the page
Score
0/43
Timer
10:00
0
Plays Today
Dex
Pokemon
% Correct
109
Koffing
92.9%
110
Weezing
91.4%
071
Victreebel
75.7%
070
Weepinbell
72.9%
455
Carnivine
68.6%
439
Mime Jr.
67.1%
331
Cacnea
67.1%
058
Growlithe
61.4%
686
Inkay
58.6%
002
Ivysaur
54.3%
006
Charizard
54.3%
003
Venusaur
54.3%
562
Yamask
47.1%
591
Amoonguss
44.3%
129
Magikarp
44.3%
130
Gyarados
42.9%
069
Bellsprout
41.4%
025
Pikachu
40%
187
Hoppip
31.4%
016
Pidgey
31.4%
149
Dragonite
30%
306
Aggron
27.1%
Dex
Pokemon
% Correct
269
Dustox
25.7%
081
Magnemite
25.7%
687
Malamar
24.3%
687
Malamar
24.3%
687
Malamar
24.3%
469
Yanmega
22.9%
127
Pinsir
21.4%
127
Mega Pinsir
21.4%
225
Delibird
20%
279
Pelipper
20%
240
Magby
18.6%
295
Exploud
18.6%
326
Grumpig
18.6%
587
Emolga
17.1%
276
Taillow
15.7%
710
Pumpkaboo
15.7%
445
Garchomp
15.7%
445
Mega Garchomp
15.7%
358
Chimcho
14.3%
671
Florges
14.3%
332
Numel
12.9%
Quiz Playlist
Details
Report
Send in Message
Add To Playlist
More Info:
This Quiz For Pokemon Pros And Masters
Classic:
Type in answers that appear in a list
Quiz Source
Last Updated: Feb 16, 2017
Quiz Scoreboard
CHALLENGE
Sign Up to Join the Scoreboard
Show All
Scores
Hide
Comments
May contain spoilers
Recently Published
Two Season TV Shows II
by 123Four
Television
10m
Image Sorting: Flags VI
by Barbecue
Geography
2m
Find the 'City' Movie
by crazypaving
Movies
60s
More to Explore
Quiz From the Vault
Featured Blog Post
14 Easter Pick-up Lines to Find Eggs With
hide this ad
You Might Also Like...
Tags
Pokémon Quiz
Gen I-IV
Team Rocket
Today's Top Quizzes in Gaming
Browse Gaming
hide this ad
Today's Top Quizzes in Pokémon
Browse Pokémon
Top Contributed Quizzes in Gaming
1
League of Legends Pro Players by Career/Team History
2
Destiny 2 exotic weapons by perk icons
3
Genshin Impact Logic Puzzle
4
Genshin murder mystery
5
Dead By Daylight Logic Puzzle
6
4x4 Decades: Video Games
7
Ultimate Genshin Impact Logic Puzzle (up to 4.3)
8
Genshin Impact Logic Puzzle Quiz
9
Overwatch Logic Puzzle
10
Who's on the WWE 2K24 Cover?
Explore More
Trending Topics
Marvel
NBA
Crossword
Disney
Harry Potter
Anime
Kpop
Puzzle
The Office
NFL
Pokémon
WWE
Country
Song
Soccer
hide this ad
More By:
HeshamCraft
Quiz
Plays
Rating
Category
Featured
Created
Do You Know Ash Ketchum?
599
3.00
Entertainment
Oct 27, 2016
All Pokemon (Gen 1)
413
3.00
Gaming
Sep 8, 2016
All Pokemon (Gen 2)
319
Gaming
Oct 5, 2016
Who's That Pokemon
297
3.67
Gaming
Sep 4, 2016
Ash's Pokemon (All Gen)
268
2.00
Gaming
Sep 8, 2016
Go to Creator's Profile
Score Distribution
Quiz Creator Spotlight
HeshamCraft
Follow
Send a Message
Quizzes Created
-
Created Quiz Play Count
-
More By This Creator
Popular Quizzes Today
1
Find the US States - No Outlines Minefield
2
Colored Red Africa Blitz
3
Find the 'City' Movie
4
5x2 Blitz: Bands
5
The Countries of the World
6
Find the Countries of Europe - No Outlines Minefield
7
Find the US States
8
US States
More Gaming Quizzes
Unique Strategy Games
Editor's Pick
Trending Quizzes
Colored Red Europe Blitz I
Colored Red Africa Blitz II
Colored Red Europe Blitz II
Colored Red Africa Blitz III
Colored Red Europe Blitz III
Recently Updated
How Do You Spell That?
pecheneg
Godzilla Movies
pecheneg
Grab Bag: 4-10 Letters
pecheneg
2024 March Madness Bracket
pecheneg
Famous TV Couples
Peacemaker
Champions League XIs: Real Madrid
pecheneg
Largest US Cities 1790-2010
pecheneg
Rides in Walt Disney World
pecheneg
Most Oscar Losses (Acting)
pecheneg
Beyoncé Albums
pecheneg
Trending Topics
Harry Potter
Crossword
Kpop
NBA
Marvel
Anime
Disney
WWE
The Office
Soccer
Puzzle
Song
Country
Pokémon
NFL
Your Account Isn't Verified!
In order to create a playlist on Sporcle, you need to verify the email address you used during registration. Go to your
Sporcle Settings
to finish the process.
Report this User
Report this user for behavior that violates our
Community Guidelines
.
Details:
Send Report
Go to the Sporcle.com Mobile Site →
Comments